Estudios sobre la Ley Integral contra la Violencia de Género (Registro nro. 159712)
[ vista simple ]
| 000 -LEADER | |
|---|---|
| fixed length control field | 01411ny a22003013n 4500 |
| 008 - FIXED-LENGTH DATA ELEMENTS--GENERAL INFORMATION | |
| fixed length control field | 060215s2005 sp s 000 0 spa c |
| 017 ## - | |
| -- | D.L. SE.6537-2005 |
| 020 ## - INTERNATIONAL STANDARD BOOK NUMBER | |
| International Standard Book Number | 849772786X |
| 035 ## - | |
| -- | 1379 |
| 040 ## - CATALOGING SOURCE | |
| Original cataloging agency | SpMaUCTR |
| Modifying agency | vlex |
| 040 ## - CATALOGING SOURCE | |
| Original cataloging agency | UMA.RE |
| Modifying agency | vlex |
| 080 ## - | |
| -- | 343.54-055.2(460) |
| 090 ## - | |
| -- | 1221 |
| -- | 1221 |
| 245 00 - TITLE STATEMENT | |
| Title | Estudios sobre la Ley Integral contra la Violencia de Género |
| Medium | [Recurso electrónico] |
| Statement of responsibility, etc | Elviro Aranda (director) ; Jorge Alguacil ... [et al.] |
| 256 ## - | |
| -- | Servicio en línea |
| 260 ## - PUBLICATION, DISTRIBUTION, ETC. (IMPRINT) | |
| Place of publication, distribution, etc | Madrid : |
| Name of publisher, distributor, etc | Dykinson : |
| -- | Instituto de Derechos Humanos "Bartolomé de las Casas : |
| -- | Fundación El Monte, |
| Date of publication, distribution, etc | 2005 |
| 300 ## - PHYSICAL DESCRIPTION | |
| Extent | 194 p. ; |
| Dimensions | 22 cm |
| 490 1# - SERIES STATEMENT | |
| Series statement | Cuadernos Bartolomé de las Casas ; |
| Volume number/sequential designation | 36 |
| 506 1# - RESTRICTIONS ON ACCESS NOTE | |
| Terms governing access | Contenido solo disponible en los productos indicados |
| Authorized users | vLex Global |
| -- | vLex Global (Academic Edition, excluding Law Schools) |
| -- | vLex Global (U.S. Academic Edition, Law Schools) |
| -- | vLex Global (U.S. Academic Edition, excluding Law Schools) |
| -- | vLex Global (Academic Edition, Law Schools) |
| 650 07 - SUBJECT ADDED ENTRY--TOPICAL TERM | |
| Topical term or geographic name as entry element | Violencia de género |
| Source of heading or term | Tesauro vLex |
| 650 07 - SUBJECT ADDED ENTRY--TOPICAL TERM | |
| Topical term or geographic name as entry element | Seguridad social |
| Source of heading or term | Tesauro vLex |
| 700 1# - ADDED ENTRY--PERSONAL NAME | |
| Personal name | Aranda, Elviro, |
| Relator term | ed.lit |
| 710 1# - ADDED ENTRY--CORPORATE NAME | |
| Corporate name or jurisdiction name as entry element | España. |
| Title of a work | Ley orgánica de medidas de protección integral contra la violencia de género, 2004 |
| 740 0# - | |
| -- | vLex Libros (Servicios en línea) |
| 856 40 - LOCALIZACIÓN Y ACCESO ELECTRÓNICO | |
| Identificador Uniforme del Recurso (URI/URL) | https://app.vlex.com/#/sources/1379 |
| 942 ## - | |
| -- | RAA |
| 999 ## - | |
| -- | 159712 |
| -- | 159712 |
No hay ítems disponibles.